10 Kleinste Hauptstädte in Afrika - Statistiken

Allgemein
  • Dieses Quiz wurde 518 mal gespielt
  • Das Durchschnittsergebnis liegt bei 6 aus 10
Antwortstatistiken
Bevölkerung Klein Hauptstadt % Korrekt
56,166 São Tomé
80%
29,298 Victoria
80%
125,464 Praia
76%
81,594 Mbabane
72%
60,200 Moroni
69%
147,251 Port Louis
69%
34,828 Banjul
64%
100,677 Malabo
57%
223,552 Porto Novo
34%
225,656 Gaborone
28%
Keine übereinstimmenden Quizze gefunden
Verteilung der Resultate
Anzahl Personen mit jedem Resultat
Perzentil nach korrekt beantworteten Fragen
Ihre Resultats-Entwicklung
Sie haben dieses Quiz noch nicht gespielt